000
00459nam a2200145Ia 4500
008
100122s9999 xx 000 0 und d
082
_b
11197
_a
796.01922
100
_a
पंडित बाळ ज
245
_a
कुमारांचे खेळ
260
_b
गो.य.राणे प्रकाशन
_c
1961
300
_a
70
630
_a
कुमारांचे खेळ
730
_a
कुमारांचे खेळ
942
_c
BOOK
999
_c
402603
_d
402600